<Les> Conditions de la coopération entre les entreprises françaises et slovaques

Uložené v:
Podrobná bibliografia
Hlavný autor: Kita, Jaroslav
Médium: Kapitola
Jazyk:French
Tagy: Pridať tag
Žiadne tagy, Buďte prvý, kto otaguje tento záznam!

MARC

LEADER 00000naa$a2200000$$$4500
001 0147648
005 20240502072650.7
041 0 |a fre 
044 |a SK 
245 1 0 |a <Les> Conditions de la coopération entre les entreprises françaises et slovaques  |c Jaroslav Kita 
100 1 |a Kita, Jaroslav